| 000 | 01207cam a2200337Ma 4500 | ||
|---|---|---|---|
| 001 | 10279605 | ||
| 003 | OSt | ||
| 005 | 20171226101622.0 | ||
| 008 | 120917s2014 caua 001 0 eng d | ||
| 020 | _a978-1133947271 | ||
| 035 |
_a(OCoLC)811729664 _z(OCoLC)829766165 |
||
| 035 | _a(OCoLC)ocn811729664 | ||
| 035 | _a(NNC)10279605 | ||
| 040 |
_aUKMGB _beng _cUKMGB _dOCLCO _dYDXCP _dBWX _dSINIE _dVPI _dNNC |
||
| 050 | 4 |
_aQC23.2 _b.S472 2014 |
|
| 082 | 0 | 4 |
_a530 _223 _bSRP |
| 100 | 1 |
_aSerway, Raymond A. _95306 |
|
| 245 | 1 | 0 |
_aPhysics for scientists and engineers / _cRaymond A. Serway, John W. Jewett, Jr. ; with contributions from Vahé Peroomian. |
| 250 | _a9th ed., [international ed.] | ||
| 260 |
_aPacific Grove, Calif. ; _aBoston, Mass : _bBrooks/Cole, Cengage Learning, _c2014. |
||
| 300 |
_axxxii, 1232, 52, 25 p. : _bill. (chiefly col.), ports. (some col.) ; _c29 cm. |
||
| 500 | _aPrevious ed.: 2010. | ||
| 500 | _aIncludes index. | ||
| 650 | 0 |
_aPhysics. _960424 |
|
| 650 | 0 |
_aPhysics _xStudy and teaching (Higher) _vTextbooks. _946228 |
|
| 700 | 1 |
_aJewett, John W. _95307 |
|
| 700 | 1 |
_aPeroomian, Vahé. _946229 |
|
| 942 |
_2ddc _cBOOK |
||
| 948 | 1 |
_a20130612 _bc _ctp2276 _dMPS |
|
| 999 |
_c35586 _d270086 |
||